African Worldview as a Hermeneutical Factor to African Christology: An Analysis and Appraisal / (Record no. 8158)

MARC details
000 -LEADER
fixed length control field 00513nam a22001577a 4500
003 - CONTROL NUMBER IDENTIFIER
control field AUA.1
005 - DATE AND TIME OF LATEST TRANSACTION
control field 20191024185514.0
008 - FIXED-LENGTH DATA ELEMENTS--GENERAL INFORMATION
fixed length control field 121025t xxu||||| |||| 00| 0 eng d
040 ## - CATALOGING SOURCE
Transcribing agency JTL
100 ## - MAIN ENTRY--PERSONAL NAME
Personal name Gwizo Innocent
9 (RLIN) 27978
245 ## - TITLE STATEMENT
Title African Worldview as a Hermeneutical Factor to African Christology: An Analysis and Appraisal /
Statement of responsibility, etc Gwizo Innocent
300 ## - PHYSICAL DESCRIPTION
Extent 130 p. :
Dimensions 29 cm.
650 ## - SUBJECT ADDED ENTRY--TOPICAL TERM
Topical term or geographic name as entry element African Theology
9 (RLIN) 27979
650 ## - SUBJECT ADDED ENTRY--TOPICAL TERM
Topical term or geographic name as entry element Hermeneutics
9 (RLIN) 27980
942 ## - ADDED ENTRY ELEMENTS (KOHA)
Source of classification or shelving scheme AUA Inhouse Classification
Koha item type Project
Classification part MA PTh
Item part .G95 2009
Holdings
Withdrawn status Lost status Source of classification or shelving scheme Damaged status Not for loan Collection code Home library Current library Shelving location Date acquired Source of acquisition Cost, normal purchase price Serial Enumeration / chronology Full call number Barcode Date last seen Cost, replacement price Price effective from Koha item type Copy number
    AUA Inhouse Classification     JTL Research Collection Judith Thomas Library Judith Thomas Library Judith Thomas Library Research Section 25/10/2012 AUA RESEARCH DEPARTMENT 15.00 AUA011166 MA PTh .G95 2009 AUA011166 25/10/2012 15.00 25/10/2012 Project  
    AUA Inhouse Classification     JTL Research Collection Judith Thomas Library Judith Thomas Library Judith Thomas Library Research Section 25/10/2012 AUA RESEARCH DEPARTMENT 15.00 AUA011167 MA PTh .G95 2009 AUA011167 25/10/2012 15.00 25/10/2012 Project 2